Statistiques concernant SNC1D - Des éléments du tableau périodique

Cliquez ici pour prendre le quiz!

Statistiques générales

  • Ce quiz a été pris 123 fois
  • Le résultat moyen est 28 sur 30

Statistiques - réponses

Hint Answer % Correct
MgMagnésium
100%
FluorF
98%
ClChlore
98%
IodeI
98%
KryptonKr
98%
BoreB
98%
HydrogèneH
98%
CarboneC
98%
OxygèneO
98%
SoufreS
97%
AlAluminium
97%
CaCalcium
97%
SéleniumSe
97%
HeHelium
97%
PhosphoreP
97%
GermaniumGe
95%
LiLithium
95%
ArArgon
94%
ArsenicAs
94%
PotassiumK
93%
AzoteN
93%
PbPlomb
93%
NeNéon
92%
NaSodium
91%
BrBrome
90%
RaRadium
88%
SiSilicium
84%
BeBéryllium
82%
FrFrancium
80%
SnÉtain
69%

Distribution des résultats

Percentile par nombre de réponses

% des personnes avec chaque résultat

Votre développement - résultats

Vous n’avez pas pris ce quiz